LEADER 01125nam a2200277 u 4500 001 000000081517 003 CaOOAMICUS 005 20070226123750.0 008 050323s1911 it u000 u ita u 035 $a11035799 040 $aPUL(R)$bita 041 1 $aita$hfre 100 1 $aD'Azambuja, Gabriele.$0(OLS)http://pul/name/54319 245 13$aLa giovane e l'evoluzione moderna /$cdi Gabriele D'Azambuja. 260 $aRoma :$bDEsclée,$c1911. 300 $a62 p. ;$c19 cm 490 1 $aScienza e religione.$aStudi per i tempi presenti ;$v82 500 $a"Traduzione italiana sulla seconda edizione francese". 504 $aBibliografia in nota. 650 4$aGiovani ed educazione religiosa.$0(OLS)http://pul/subject/28132 830 0$aScienza e religione.$pStudi per i tempi presenti ;$v82.$0(OLS)http://pul/title/3545 850 $aPUL 852 $aPUL$W1$xDP1 Fondo Cecchetti$y53$m260 U 61$j103963$nBK-PRI$b $qFondi$B103963$CPULBib$Z2$F103963 $82 941 1 $a1 996 $6245$aLa giovane e l'evoluzione moderna$9(OLS)http://pul/title/106605 996 $6260$aRoma :$bDEsclée$9(OLS)http://pul/publisher/76029 LEADER 01565nam a2200337 a 4500 001 000000174032 003 CaOOAMICUS 005 20201214143646.0 006 a 000 u 008 201214s2019 it m 001 u ita r 020 $a978-83-63642-88-4* 032 $aLibriCat 040 $aPUL$bita 082 00$a236 100 1 $aRaczy?ski-Ro?ek, Maciej,$csac.,$d1981-$0(OLS)http://pul/name/95992 245 13$aLe escatologie della speranza :$bHans Urs von Balthasar e Wac?aw Hryniewicz / $cMaciej Raczy?ski-Ro?ek. 260 $aWroc?aw :$b[Papieski Wydzia? Teologiczny],$c2019. 300 $a433 p.$c24 cm 504 $aBibliografia : p. [401]-421. 600 14$aHryniewicz, Wac?aw,$cO.M.I.,$d1936- 2020.$0(OLS)http://pul/subject/43230 600 14$aBalthasar, Hans Urs von,$ccard.,$d1905-1988$xTeologia.$0(OLS)http://pul/subject/23332 650 4$aSperanza$xAspetti religiosi$xCristianesimo.$0(OLS)http://pul/subject/35353 650 4$aEscatologia cristiana.$0(OLS)http://pul/subject/9754 850 $aPUL 852 $aPUL$W1$xSL Religione 3$y85$m236 RACMA 1$j198305$qDDC 21$B202921$CPULBib$Z2$F202921 $H134622 $82 941 1 $a9 996 $6020$a978-83-63642-88-4*$9(OLS)http://pul/number/167912 996 $6082$a236$9(OLS)http://pul/classification/229 996 $6245$aLe escatologie della speranza :$bHans Urs von Balthasar e Wac?aw Hryniewicz / $9(OLS)http://pul/title/215257 996 $6260$aWroc?aw :$b[Papieski Wydzia? Teologiczny]$9(OLS)http://pul/publisher/87350